Country Shape Quiz #2 (relessness version) - Statistics

General Stats
  • This quiz has been taken 1,753 times
  • The average score is 12 of 16
Answer Stats
Country % Correct
Israel
95%
Gambia
92%
United Arab Emirates
87%
Zambia
87%
Malawi
82%
Kyrgyzstan
80%
Tajikistan
80%
Colombia
78%
Jamaica
77%
Republic of the Congo
76%
Belarus
75%
Belgium
75%
Nigeria
75%
Montenegro
66%
Samoa
56%
Palau
52%
No matching quizzes found
Score Distribution
Percent of People with Each Score
Percentile by Number Answered
Your Score History
You have not taken this quiz